[Event "Catalunya Vilanova Salt 35th"]
[Site "Salt"]
[Date "2009.04.24"]
[Round "2.5"]
[White "Diaz Munoz, Sergi"]
[Black "Sureda Massaguer, Albert"]
[Result "1-0"]
[WhiteElo "1984"]
[BlackElo "1767"]
[PlyCount "107"]
[EventDate "2009.04.17"]
[EventType "swiss"]
[EventRounds "9"]
[EventCountry "ESP"]
[SourceTitle "EXT 2024"]
[Source "ChessBase"]
[SourceDate "2023.10.10"]
[SourceVersion "1"]
[SourceVersionDate "2023.10.10"]
[SourceQuality "1"]

1. e4 d6 2. d4 Nf6 3. Nc3 g6 4. f4 Bg7 5. Nf3 Nbd7 6. e5 Ng4 7. Ng5 Nh6 8. e6 Nf6 9. exf7+ Nxf7 10. Nxf7 Kxf7 11. Qf3 c6 12. h3 Qb6 13. Bc4+ Be6 14. Bxe6+ Kxe6 15. Qd3 Qa5 16. Bd2 Qf5 17. Qe3+ Kd7 18. 0-0-0 Nd5 19. Qf2 Raf8 20. Rhf1 Bh6 21. g3 g5 22. g4 Qf7 23. f5 Nxc3 24. Bxc3 Qxa2 25. d5 cxd5 26. Kd2 Qa4 27. Ra1 Qf4+ 28. Qxf4 gxf4 29. Bxh8 Rxh8 30. Rxa7 Kc6 31. Kd3 Re8 32. Re1 Bg7 33. c3 Bf6 34. Re6 Rc8 35. Ra4 Kb5 36. Rxf4 Rc4 37. Rxc4 dxc4+ 38. Kc2 Kc5 39. Re1 b5 40. Ra1 d5 41. Ra6 Bg5 42. h4 Bxh4 43. Rh6 Bf6 44. Rxh7 d4 45. Rh5 d3+ 46. Kc1 b4 47. g5 bxc3 48. gxf6 d2+ 49. Kc2 cxb2 50. Rh1 exf6 51. Kxb2 Kd4 52. Kc2 Ke3 53. Rd1 Ke4 54. Rxd2 1-0